Liedtext Gummibärenbande - Statistiken

Allgemein
  • Dieses Quiz wurde 312 mal gespielt
  • Das Durchschnittsergebnis liegt bei 73 aus 104
Antwortstatistiken
Antwort % Korrekt
Gummibären
99%
da
96%
sind
96%
und
96%
hier
93%
überall
93%
Das
92%
das
92%
die
92%
sie
92%
Sie
92%
du
90%
für
89%
dort
88%
brauchst
87%
dich
87%
hüpfen
87%
wenn
85%
tapfer
69%
Mutig
65%
So
65%
so
65%
freundlich
62%
zu
59%
ihr
57%
Haus
56%
im
56%
In
55%
Wald
54%
kämpfen
51%
auch
50%
gläubig
50%
Bäumen
48%
Der
48%
unter
47%
Fröhlich
44%
Höhlen
44%
ihren
44%
Leben
44%
Abenteuer
42%
Kraft
40%
Steinen
39%
lacht
38%
Saft
38%
frech
35%
mit
33%
bringt
30%
noch
29%
erleben
28%
her
28%
mehr
28%
viel
28%
Gemeinsam
27%
könnt
27%
einfach
26%
Kommt
26%
singt
26%
Geheimnis
24%
ihrem
24%
von
23%
euch
21%
verzaubern
20%
Lasst
19%
Keine übereinstimmenden Quizze gefunden
Verteilung der Resultate
Anzahl Personen mit jedem Resultat
Perzentil nach korrekt beantworteten Fragen
Ihre Resultats-Entwicklung
Sie haben dieses Quiz noch nicht gespielt